00694nam a22001937a 450000500170000001000150001702000260003203500140005803700130007208200100008510000180009524501430011326000430025627000940029930000210039350000510041470000190046570000160048420230724162625.0 aENG-121263 a9789381496084c175.00 aEN-104795 bDBAD/PUB a331.4 aKothari, Manu aThe fourth gender:bhumanity beyond female-male equality in thought, language and action/cby Manu kothari, Jyoti Kothari [and] Lopa Mehta aMumbaibBhalani Publishing Housec2012 aBhalani Publishing House, 11 Mavawala Building Opp. K.E.M. Hospital ParelbMumbaie400012 a124p.c22cm(pbk) aIncludes bibliographical References, and Index aKothari, Jyoti aMehta, Lopa